000 01100nam0a22002651 4500
001 RU\NLR\A1SV\122205
005 20251203171251.9
035 _a(NLR Aleph) 010442875
090 _a9897614
_c9897614
100 _a20131018d1924 u y0rusy50 ca
101 0 _arus
102 _aRU
200 1 _aУсовершенствованная экономическая русская печь для всякого твердого топлива
_eПремирована: почет. диплом 1 степени и натурпремия на Всесоюз. с.-х. выставке 1923 г.
_eЗаявоч. свидетельство Ком. по делам изобретений за № 73854
_fСистемы инженера-агронома Д.И.Турок
210 _aМ.
_cИзд. авт.
_d1924
215 _a28 с.
_cил., черт., табл.
_d23 см
620 _dМосква
700 1 _aТурок
_bД.И.
801 0 _aRU
_bNLR
_c20131018
852 _aNLR
_j35.57.6.346
852 _aNLR
_j114/579
899 _aРГБ
942 _cBOOK
980 _aNB
980 _aA1SV